000 00372nam a2200145Ia 4500
008 230711s9999||||xx |||||||||||||| ||und||
041 _aENG
082 _a658
_bBA-S
100 _aBasavarajaiah,BS
245 0 _aStrength of materials
250 _a2nd
260 _c1984
_aNew Delhi
_bCBS Publishers & Distributors Pvt.Ltd
650 _aMechanical Engineering
942 _cBK
999 _c2595
_d2595